[Event "Niederrhein-ch"]
[Site "Solingen"]
[Date "2015.03.31"]
[Round "4"]
[White "Schmoll, Heinz"]
[Black "Heinert, Eugen"]
[Result "0-1"]
[WhiteElo "2160"]
[BlackElo "2154"]
[PlyCount "30"]
[EventDate "2015.03.28"]
[EventType "swiss"]
[EventRounds "7"]
[EventCountry "GER"]
[SourceTitle "EXT 2016"]
[Source "ChessBase"]
[SourceDate "2015.10.08"]
[SourceVersion "1"]
[SourceVersionDate "2015.10.08"]
[SourceQuality "1"]

1. c4 c6 2. e4 d5 3. exd5 Nf6 4. Nc3 cxd5 5. d4 Nc6 6. Nf3 e6 7. Bg5 Be7 8. c5 0-0 9. a3 h6 10. Bh4 Re8 11. Bb5 Ne4 12. Bxe7 Rxe7 13. Rc1 e5 14. Nxe5 Nxc3 15. Rxc3 f6 0-1

[Event "GER-chA Seniors 26th"]
[Site "Bad Neuenahr"]
[Date "2014.08.13"]
[Round "9"]
[White "Schmoll, Heinz"]
[Black "Minz, Michail"]
[Result "0-1"]
[WhiteElo "2172"]
[BlackElo "2095"]
[PlyCount "24"]
[EventDate "2014.08.05"]
[EventType "swiss"]
[EventRounds "9"]
[EventCountry "GER"]
[SourceTitle "EXT 2018"]
[Source "ChessBase"]
[SourceDate "2017.10.13"]
[SourceVersion "1"]
[SourceVersionDate "2017.10.13"]
[SourceQuality "1"]

1. e4 e6 2. d4 d5 3. Nc3 Nf6 4. Bg5 Bb4 5. e5 h6 6. exf6 hxg5 7. fxg7 Rg8 8. Qh5 Qf6 9. Nf3 Qxg7 10. 0-0-0 Bxc3 11. bxc3 Nd7 12. h3 Nf6 0-1

[Event "GER-chA Seniors 26th"]
[Site "Bad Neuenahr"]
[Date "2014.08.12"]
[Round "8"]
[White "Hassenrueck, Helmut"]
[Black "Schmoll, Heinz"]
[Result "1-0"]
[WhiteElo "2201"]
[BlackElo "2172"]
[PlyCount "71"]
[EventDate "2014.08.05"]
[EventType "swiss"]
[EventRounds "9"]
[EventCountry "GER"]
[SourceTitle "EXT 2018"]
[Source "ChessBase"]
[SourceDate "2017.10.13"]
[SourceVersion "1"]
[SourceVersionDate "2017.10.13"]
[SourceQuality "1"]

1. d4 Nf6 2. Nf3 g6 3. c4 Bg7 4. Nc3 c5 5. e4 cxd4 6. Nxd4 d6 7. Be2 0-0 8. 0-0 Nc6 9. Be3 Nxd4 10. Bxd4 Be6 11. f4 Rc8 12. b3 Qa5 13. Kh1 a6 14. f5 Bd7 15. Bxf6 Bxf6 16. Nd5 Bc6 17. Nxf6+ exf6 18. fxg6 hxg6 19. Qxd6 Rcd8 20. Qxf6 Rd2 21. Bf3 Rxa2 22. Rxa2 Qxa2 23. e5 Qxb3 24. Bxc6 bxc6 25. Qxc6 Qd3 26. Re1 Rb8 27. h3 Qg3 28. Qe4 Rb6 29. c5 Re6 30. Re3 Qf2 31. Rc3 Qb2 32. Qe3 Qb1+ 33. Rc1 Rxe5 34. Qc3 Qb8 35. c6 Qc7 36. Qxe5 1-0

[Event "GER-chA Seniors 26th"]
[Site "Bad Neuenahr"]
[Date "2014.08.11"]
[Round "7"]
[White "Schmoll, Heinz"]
[Black "Krause, Klaus"]
[Result "1-0"]
[WhiteElo "2172"]
[BlackElo "2012"]
[PlyCount "92"]
[EventDate "2014.08.05"]
[EventType "swiss"]
[EventRounds "9"]
[EventCountry "GER"]
[SourceTitle "EXT 2018"]
[Source "ChessBase"]
[SourceDate "2017.10.13"]
[SourceVersion "1"]
[SourceVersionDate "2017.10.13"]
[SourceQuality "1"]

1. c4 e5 2. Nc3 Nc6 3. g3 f5 4. Bg2 Nf6 5. e3 Bb4 6. Nge2 d6 7. a3 Bxc3 8. Nxc3 Be6 9. Qb3 Rb8 10. d3 0-0 11. 0-0 Qe8 12. Nd5 Qf7 13. Bd2 Qd7 14. Qa4 g5 15. Bc3 Rf7 16. f4 gxf4 17. gxf4 Ng4 18. h3 Nf6 19. Kh2 Qd8 20. Nxf6+ Rxf6 21. Bxc6 bxc6 22. Rg1+ Rg6 23. fxe5 f4 24. Rxg6+ hxg6 25. Qxc6 Qh4 26. Qg2 g5 27. exf4 Qxf4+ 28. Qg3 Qf5 29. Rg1 Kh7 30. exd6 cxd6 31. Qe3 Rg8 32. Qxa7+ Bd7 33. Rg3 Re8 34. Qd4 Re5 35. Kg1 Qf7 36. Qxd6 Rf5 37. Rg2 Rf1+ 38. Kh2 Rf3 39. Rxg5 Rxh3+ 40. Kg1 Rh1+ 41. Kxh1 Bc6+ 42. Rd5 Qf1+ 43. Kh2 Qf2+ 44. Kh3 Qf1+ 45. Kg4 Qe2+ 46. Kh4 Qf2+ 1-0

[Event "GER-chA Seniors 26th"]
[Site "Bad Neuenahr"]
[Date "2014.08.09"]
[Round "5"]
[White "Schmoll, Heinz"]
[Black "Jentsch, Dieter"]
[Result "0-1"]
[WhiteElo "2172"]
[BlackElo "2139"]
[PlyCount "80"]
[EventDate "2014.08.05"]
[EventType "swiss"]
[EventRounds "9"]
[EventCountry "GER"]
[SourceTitle "EXT 2018"]
[Source "ChessBase"]
[SourceDate "2017.10.13"]
[SourceVersion "1"]
[SourceVersionDate "2017.10.13"]
[SourceQuality "1"]

1. e4 e6 2. d4 d5 3. Nc3 Bb4 4. e5 c5 5. a3 Bxc3+ 6. bxc3 Ne7 7. Nf3 Nbc6 8. Bd3 Qa5 9. Bd2 Qa4 10. Qb1 c4 11. Be2 h5 12. h4 Nf5 13. g3 Bd7 14. Qd1 f6 15. Bf4 0-0-0 16. Qd2 Nfe7 17. 0-0 Ng6 18. Rfe1 fxe5 19. Bxe5 Ngxe5 20. Nxe5 Nxe5 21. dxe5 Be8 22. Qd4 Bg6 23. Bf1 b6 24. Bh3 Rhe8 25. Reb1 Bxc2 26. Rb4 Qc6 27. a4 Kb8 28. a5 b5 29. a6 Ka8 30. Qd2 Be4 31. Ra5 Rb8 32. Qb2 d4 33. cxd4 c3 34. Qc1 c2 35. Ra3 Rb6 36. f3 Bd5 37. Bf1 Rc8 38. Ra5 Qc3 39. Rbxb5 Qxd4+ 40. Kg2 Qd1 0-1

[Event "GER-ch Seniors 22nd"]
[Site "Berlin"]
[Date "2010.08.21"]
[Round "6"]
[White "Gruzmann, Boris"]
[Black "Schmoll, Heinz"]
[Result "1/2-1/2"]
[WhiteElo "2248"]
[BlackElo "2043"]
[PlyCount "74"]
[EventDate "2010.08.16"]
[EventType "swiss"]
[EventRounds "9"]
[EventCountry "GER"]
[SourceTitle "CBM 138 Extra"]
[Source "ChessBase"]
[SourceDate "2010.10.29"]
[SourceVersion "1"]
[SourceVersionDate "2010.10.29"]
[SourceQuality "1"]

1. e4 c5 2. Nf3 d6 3. d4 cxd4 4. Nxd4 Nf6 5. Nc3 a6 6. f4 e5 7. Nf3 Qc7 8. Bd3 Nbd7 9. 0-0 Be7 10. Kh1 exf4 11. Bxf4 Ne5 12. Qe1 0-0 13. Bg5 Be6 14. Nd4 Rae8 15. Nf5 Bxf5 16. Rxf5 Nxd3 17. cxd3 Qd8 18. Qh4 Nd7 19. Nd5 Bxg5 20. Qxg5 Qxg5 21. Rxg5 f5 22. Rxf5 Rxf5 23. exf5 Re5 24. Nf4 Rxf5 25. g3 Rc5 26. Re1 Rc2 27. Re2 Rxe2 28. Nxe2 Nc5 29. d4 Ne6 30. Kg2 Kf7 31. Kf3 d5 32. Ke3 Ke7 33. Ng1 Kd6 34. Nf3 Ke7 35. Ne5 Kd6 36. Nd3 Kc6 37. Nf4 Kd6 1/2-1/2

[Event "GER-ch Seniors 22nd"]
[Site "Berlin"]
[Date "2010.08.20"]
[Round "5"]
[White "Schmoll, Heinz"]
[Black "Bomert, Egon"]
[Result "1-0"]
[WhiteElo "2043"]
[BlackElo "1935"]
[PlyCount "59"]
[EventDate "2010.08.16"]
[EventType "swiss"]
[EventRounds "9"]
[EventCountry "GER"]
[SourceTitle "CBM 138 Extra"]
[Source "ChessBase"]
[SourceDate "2010.10.29"]
[SourceVersion "1"]
[SourceVersionDate "2010.10.29"]
[SourceQuality "1"]

1. e4 c5 2. Nf3 d6 3. d4 cxd4 4. Nxd4 Nf6 5. Nc3 a6 6. Bc4 Qc7 7. Bb3 e6 8. Bg5 Nbd7 9. 0-0 Nc5 10. Bxf6 Nxb3 11. Bxg7 Bxg7 12. axb3 Qc5 13. Ndb5 Ke7 14. Ra4 Bd7 15. Rc4 axb5 16. Rxc5 dxc5 17. Qd3 Bc6 18. Nxb5 Rhd8 19. Qe2 Ra5 20. Nc3 Kd7 21. Qh5 Ke7 22. b4 Raa8 23. Qxc5+ Ke8 24. b5 Bd7 25. e5 Rac8 26. Qe3 Kf8 27. f4 f5 28. Qb6 Kg8 29. Rd1 Bf8 30. Rxd7 1-0

[Event "GER-ch Seniors 22nd"]
[Site "Berlin"]
[Date "2010.08.18"]
[Round "3"]
[White "Schmoll, Heinz"]
[Black "Bullert, Wolfgang"]
[Result "1-0"]
[WhiteElo "2043"]
[BlackElo "1762"]
[PlyCount "51"]
[EventDate "2010.08.16"]
[EventType "swiss"]
[EventRounds "9"]
[EventCountry "GER"]
[SourceTitle "CBM 138 Extra"]
[Source "ChessBase"]
[SourceDate "2010.10.29"]
[SourceVersion "1"]
[SourceVersionDate "2010.10.29"]
[SourceQuality "1"]

1. c4 f5 2. Nf3 Nf6 3. d4 g6 4. Bg5 Bg7 5. Bxf6 Bxf6 6. Nc3 d6 7. Qd2 Na6 8. Rd1 c5 9. h4 cxd4 10. Nxd4 Nc5 11. g3 Rb8 12. Bg2 a6 13. h5 Kf7 14. b4 e5 15. Nc2 Ne6 16. Qxd6 e4 17. Qxd8 Nxd8 18. Nd5 Be5 19. hxg6+ hxg6 20. Rxh8 Bxh8 21. f3 exf3 22. Bxf3 Nc6 23. Nb6 Nxb4 24. Nxb4 Bc3+ 25. Kf1 Bxb4 26. Rb1 1-0

[Event "Niederrhein-ch"]
[Site "Krefeld"]
[Date "2010.04.01"]
[Round "6"]
[White "Schmoll, Heinz"]
[Black "Waagener, Ulrich"]
[Result "0-1"]
[WhiteElo "2138"]
[BlackElo "2228"]
[PlyCount "70"]
[EventDate "2010.03.27"]
[EventType "swiss"]
[EventRounds "7"]
[EventCountry "GER"]
[SourceTitle "EXT 2011"]
[Source "ChessBase"]
[SourceDate "2010.11.26"]
[SourceVersion "1"]
[SourceVersionDate "2010.11.26"]
[SourceQuality "1"]

1. e4 c6 2. d4 d5 3. Nc3 dxe4 4. Nxe4 Nd7 5. Bc4 Ngf6 6. Ng5 e6 7. Qe2 Nb6 8. Bd3 h6 9. N5f3 c5 10. dxc5 Nbd7 11. Ne5 Nxe5 12. Qxe5 Qa5+ 13. Bd2 Qxc5 14. Qe2 Bd7 15. Nf3 Bc6 16. 0-0 Bd6 17. a3 Qh5 18. h3 Bxf3 19. Qxf3 Qxf3 20. gxf3 Ke7 21. Rfd1 a6 22. c4 Rhd8 23. Bc3 Rac8 24. Kf1 Rc5 25. b4 Rh5 26. c5 Be5 27. Bxe5 Rxe5 28. Bc4 Rf5 29. Rxd8 Kxd8 30. Rd1+ Kc7 31. Ke2 Nh5 32. Ke3 Nf4 33. Rd4 Nxh3 34. Rh4 Re5+ 35. Kd4 Ng5 0-1

[Event "Niederrhein-ch"]
[Site "Krefeld"]
[Date "2010.03.28"]
[Round "2"]
[White "Schmoll, Heinz"]
[Black "Sponheim, Marko"]
[Result "0-1"]
[WhiteElo "2138"]
[BlackElo "2051"]
[PlyCount "42"]
[EventDate "2010.03.27"]
[EventType "swiss"]
[EventRounds "7"]
[EventCountry "GER"]
[SourceTitle "EXT 2011"]
[Source "ChessBase"]
[SourceDate "2010.11.26"]
[SourceVersion "1"]
[SourceVersionDate "2010.11.26"]
[SourceQuality "1"]

1. e4 c5 2. Nf3 d6 3. d4 cxd4 4. Nxd4 Nf6 5. Nc3 a6 6. Bc4 e6 7. Bb3 Nbd7 8. Bxe6 fxe6 9. Nxe6 Qa5 10. Nxf8 Rxf8 11. Qxd6 Nxe4 12. Qe6+ Kd8 13. 0-0 Nxc3 14. bxc3 Qe5 15. Qh3 Nf6 16. Qd3+ Bd7 17. Ba3 Re8 18. Bd6 Qd5 19. Qg3 Ne4 20. Bc7+ Kc8 21. Qf4 g5 0-1

[Event "Niederrhein-ch"]
[Site "Moers"]
[Date "2009.04.11"]
[Round "9"]
[White "Schmidt, Alexander"]
[Black "Schmoll, Heinz"]
[Result "1/2-1/2"]
[WhiteElo "2111"]
[BlackElo "2024"]
[PlyCount "135"]
[EventDate "2009.04.03"]
[EventType "swiss"]
[EventRounds "9"]
[EventCountry "GER"]
[SourceTitle "EXT 2010"]
[Source "ChessBase"]
[SourceDate "2010.11.25"]
[SourceVersion "1"]
[SourceVersionDate "2010.11.25"]
[SourceQuality "1"]

1. e4 c5 2. Nc3 Nc6 3. g3 g6 4. Bg2 Bg7 5. d3 d6 6. Be3 e5 7. f4 Nd4 8. Nh3 Ne7 9. 0-0 0-0 10. Qd2 Rb8 11. Rf2 b5 12. fxe5 dxe5 13. Bh6 b4 14. Nd1 f6 15. Bxg7 Kxg7 16. Ne3 Be6 17. Kh1 Qd7 18. Ng1 a5 19. a4 bxa3 20. Rxa3 Rxb2 21. Qxa5 Nb5 22. Ra1 Nc6 23. Qe1 Nb4 24. Nf3 Nd4 25. Qc3 Ra2 26. Rxa2 Nxa2 27. Qxc5 Rb8 28. Ne1 Rb5 29. Qa3 Rb1 30. Rf1 Nb5 31. Qa6 Nbc3 32. Nd5 Nb4 33. Nxb4 Rxb4 34. Qa3 Qd4 35. Nf3 Qc5 36. Qa6 Qb6 37. Qxb6 Rxb6 38. h3 Rb2 39. g4 h6 40. d4 Ne2 41. Ra1 Nxd4 42. Ra7+ Kf8 43. Nxd4 exd4 44. Rc7 Rb1+ 45. Kh2 Rc1 46. Rc6 Ke7 47. e5 fxe5 48. Be4 g5 49. Kg3 Re1 50. Bg6 Re3+ 51. Kh2 Bd5 52. Rc8 Re2+ 53. Kg1 e4 54. Kf1 Re3 55. Kg2 Kd6 56. Bf5 d3 57. cxd3 exd3+ 58. Kf2 d2 59. Bc2 Rxh3 60. Ke2 Rh2+ 61. Ke3 Be6 62. Rd8+ Ke7 63. Rd4 Rg2 64. Bd1 Rh2 65. Rxd2 Rxd2 66. Kxd2 Kf6 67. Ke3 Ke5 68. Bf3 1/2-1/2

[Event "Niederrhein-ch"]
[Site "Moers"]
[Date "2009.04.10"]
[Round "8"]
[White "Schmoll, Heinz"]
[Black "Zielinski, Werner"]
[Result "1-0"]
[WhiteElo "2024"]
[BlackElo "1954"]
[PlyCount "121"]
[EventDate "2009.04.03"]
[EventType "swiss"]
[EventRounds "9"]
[EventCountry "GER"]
[SourceTitle "EXT 2010"]
[Source "ChessBase"]
[SourceDate "2010.11.25"]
[SourceVersion "1"]
[SourceVersionDate "2010.11.25"]
[SourceQuality "1"]

1. e4 c5 2. Nf3 Nc6 3. d4 cxd4 4. Nxd4 g6 5. c4 Nf6 6. Nc3 Nxd4 7. Qxd4 d6 8. Bg5 Bg7 9. Nd5 0-0 10. Nxf6+ exf6 11. Bf4 Re8 12. 0-0-0 Qa5 13. Kb1 f5 14. Qxd6 fxe4 15. Qd2 Qb6 16. Be3 Qc7 17. Be2 Be6 18. Qd6 Qa5 19. Qd2 Qc7 20. Bd4 Rad8 21. Qe3 Rxd4 22. Rxd4 Bxd4 23. Qxd4 Qa5 24. Rd1 b5 25. Qe5 Qb6 26. Qxb5 Qxb5 27. cxb5 Bf5 28. g4 Be6 29. b3 g5 30. Rd6 Kg7 31. Kb2 Kf6 32. a4 Ke5 33. Ra6 Rd8 34. Kc3 Rc8+ 35. Rc6 Rxc6+ 36. bxc6 Kd6 37. b4 Kxc6 38. Kd4 Bb3 39. a5 Bc2 40. b5+ Kd6 41. Bc4 f6 42. Bd5 Bd3 43. b6 axb6 44. axb6 Be2 45. Bxe4 Bxg4 46. Bxh7 Kc6 47. Ke4 Bd1 48. b7 Kxb7 49. Kd5 Kc7 50. Ke6 Kd8 51. Kxf6 g4 52. Bg6 Bf3 53. Bf7 Bd1 54. Be6 Ke8 55. Kg5 Kf8 56. Bxg4 Bc2 57. Bf5 Bb3 58. Kf6 Bd1 59. Be6 Bh5 60. f4 Bd1 61. Bf7 1-0

[Event "Niederrhein-ch"]
[Site "Moers"]
[Date "2009.04.09"]
[Round "7"]
[White "Schmoll, Heinz"]
[Black "Strater, Heinz"]
[Result "1-0"]
[WhiteElo "2024"]
[BlackElo "1942"]
[PlyCount "103"]
[EventDate "2009.04.03"]
[EventType "swiss"]
[EventRounds "9"]
[EventCountry "GER"]
[SourceTitle "EXT 2010"]
[Source "ChessBase"]
[SourceDate "2010.11.25"]
[SourceVersion "1"]
[SourceVersionDate "2010.11.25"]
[SourceQuality "1"]

1. c4 Nf6 2. Nc3 c5 3. Nf3 Nc6 4. d4 cxd4 5. Nxd4 g6 6. e4 d6 7. Be2 Bg7 8. Be3 0-0 9. Qd2 Re8 10. 0-0 Ng4 11. Bxg4 Bxg4 12. f3 Bd7 13. Rfd1 Rc8 14. Rac1 Nxd4 15. Bxd4 Rxc4 16. Bxg7 Kxg7 17. b3 Rc5 18. Qd4+ Kg8 19. b4 Rc6 20. Qxa7 Qa8 21. Qxa8 Rxa8 22. Nd5 Kf8 23. Rxc6 Bxc6 24. Nc3 Ra3 25. Rc1 f5 26. Kf2 fxe4 27. fxe4 Kf7 28. Ke3 Kf6 29. Kd4 b5 30. Rc2 e5+ 31. Kd3 d5 32. exd5 Bxd5 33. g3 Ke6 34. Kd2 Bc4 35. Rc1 Ra8 36. Kc2 Rf8 37. Kb2 Bd3 38. a4 Rf2+ 39. Ka3 Rxh2 40. axb5 Rf2 41. b6 Rf8 42. b7 Ba6 43. Na4 Rf3+ 44. Kb2 Bxb7 45. Nc5+ Kd5 46. Nxb7 Rxg3 47. Nd8 e4 48. b5 e3 49. b6 e2 50. b7 e1Q 51. Rxe1 Rg2+ 52. Kc1 1-0

[Event "Niederrhein-ch"]
[Site "Moers"]
[Date "2009.04.08"]
[Round "6"]
[White "Vogel, Christian"]
[Black "Schmoll, Heinz"]
[Result "1-0"]
[WhiteElo "2091"]
[BlackElo "2024"]
[PlyCount "63"]
[EventDate "2009.04.03"]
[EventType "swiss"]
[EventRounds "9"]
[EventCountry "GER"]
[SourceTitle "EXT 2010"]
[Source "ChessBase"]
[SourceDate "2010.11.25"]
[SourceVersion "1"]
[SourceVersionDate "2010.11.25"]
[SourceQuality "1"]

1. Nf3 Nf6 2. c4 c5 3. g3 Nc6 4. Bg2 g6 5. 0-0 Bg7 6. Nc3 0-0 7. d4 cxd4 8. Nxd4 Nxd4 9. Qxd4 d6 10. Qd3 Bf5 11. e4 Be6 12. Bd2 Nd7 13. b3 Nc5 14. Qe2 a5 15. Rac1 Bd7 16. Rfd1 Bc6 17. Be3 Qb6 18. Nb5 Rfc8 19. a3 Qa6 20. b4 axb4 21. axb4 Nb3 22. Rb1 Bxb5 23. cxb5 Qa4 24. e5 Rc3 25. Bxb7 Rb8 26. exd6 exd6 27. Bc6 Be5 28. Rd3 Na1 29. Rxc3 Bxc3 30. Qc4 Be5 31. b6 Nc2 32. Bxa4 1-0

[Event "Niederrhein-ch"]
[Site "Moers"]
[Date "2009.04.06"]
[Round "4"]
[White "Pohle, Dirk"]
[Black "Schmoll, Heinz"]
[Result "1-0"]
[WhiteElo "2152"]
[BlackElo "2024"]
[PlyCount "119"]
[EventDate "2009.04.03"]
[EventType "swiss"]
[EventRounds "9"]
[EventCountry "GER"]
[SourceTitle "EXT 2010"]
[Source "ChessBase"]
[SourceDate "2010.11.25"]
[SourceVersion "1"]
[SourceVersionDate "2010.11.25"]
[SourceQuality "1"]

1. e4 e5 2. Nf3 Nc6 3. d4 exd4 4. Nxd4 Bc5 5. Nxc6 bxc6 6. Bd3 d6 7. 0-0 Nf6 8. h3 h6 9. Kh1 Qe7 10. Nc3 a6 11. Na4 Ba7 12. Qe2 0-0 13. Be3 Bxe3 14. Qxe3 Re8 15. Rae1 c5 16. e5 Bd7 17. Nxc5 dxc5 18. exf6 Qxf6 19. Qxc5 Qxb2 20. Rxe8+ Rxe8 21. Qxc7 Bb5 22. Bc4 Rf8 23. Rd1 Bxc4 24. Qxc4 Qb6 25. Kg1 Re8 26. Qd3 Qa5 27. Qc4 Rb8 28. c3 Rb2 29. a4 Rc2 30. Rd5 Qxc3 31. Rd8+ Kh7 32. Qxc3 Rxc3 33. Rd6 Rc1+ 34. Kh2 Ra1 35. Rxa6 Ra3 36. a5 f5 37. g3 g5 38. Ra8 Kg7 39. a6 g4 40. a7 h5 41. Kg2 Ra1 42. h4 Kh7 43. f4 Ra2+ 44. Kf1 Kg7 45. Ke1 Ra5 46. Ke2 Ra3 47. Kd2 Kh7 48. Kc2 Kg7 49. Kb2 Ra5 50. Kb3 Ra1 51. Kc4 Ra5 52. Kb4 Ra1 53. Kc5 Ra2 54. Kb6 Rb2+ 55. Kc7 Ra2 56. Kc6 Rc2+ 57. Kd6 Ra2 58. Rc8 Ra6+ 59. Rc6 Rxa7 60. Rc7+ 1-0

[Event "Niederrhein-ch"]
[Site "Moers"]
[Date "2009.04.04"]
[Round "2"]
[White "Schmoll, Heinz"]
[Black "Uhlenbrock, Steffan"]
[Result "1-0"]
[WhiteElo "2024"]
[BlackElo "1658"]
[PlyCount "55"]
[EventDate "2009.04.03"]
[EventType "swiss"]
[EventRounds "9"]
[EventCountry "GER"]
[SourceTitle "EXT 2010"]
[Source "ChessBase"]
[SourceDate "2010.11.25"]
[SourceVersion "1"]
[SourceVersionDate "2010.11.25"]
[SourceQuality "1"]

1. e4 e5 2. Nf3 f5 3. Nxe5 Qf6 4. d4 d6 5. Nc4 fxe4 6. Nc3 Qf7 7. Nd2 Nf6 8. Bc4 Qg6 9. 0-0 c6 10. d5 c5 11. f3 exf3 12. Qxf3 Nbd7 13. Bd3 Qf7 14. Nc4 a6 15. Re1+ Kd8 16. a4 Be7 17. Re6 Qf8 18. Bf4 Nb8 19. Nxd6 Bxe6 20. Nxb7+ Kc8 21. dxe6 Ra7 22. Na5 Bd6 23. Bf5 Kc7 24. Rd1 Ne8 25. Nd5+ Kd8 26. e7+ Bxe7 27. Nxe7+ Kxe7 28. Qe4+ 1-0

[Event "GER-chT Seniors 17th"]
[Site "Berlin"]
[Date "2008.09.05"]
[Round "6"]
[White "Schmoll, Heinz"]
[Black "Milstein, Boris"]
[Result "1-0"]
[WhiteElo "2129"]
[BlackElo "2165"]
[PlyCount "75"]
[EventDate "2008.08.31"]
[EventType "team-swiss"]
[EventRounds "7"]
[EventCountry "GER"]
[SourceTitle "CBM 126 Extra"]
[Source "ChessBase"]
[SourceDate "2008.11.05"]
[SourceVersion "1"]
[SourceVersionDate "2008.11.05"]
[SourceQuality "1"]

1. c4 c5 2. Nf3 Nf6 3. Nc3 e6 4. e4 d6 5. d4 cxd4 6. Nxd4 Nc6 7. Nc2 Be7 8. Be2 a6 9. 0-0 0-0 10. Be3 Rb8 11. f3 Qc7 12. Qd2 Bd7 13. Rfd1 Rfd8 14. Rac1 Be8 15. Bf1 Ne5 16. Nd4 Bc6 17. Nd5 Qd7 18. Nxe7+ Qxe7 19. Qf2 Be8 20. b4 Nc6 21. a3 Nxd4 22. Rxd4 b5 23. Rcd1 Rbc8 24. c5 dxc5 25. Rxd8 Rxd8 26. Bxc5 Qxc5 27. Rxd8 Qc7 28. Ra8 h6 29. Rxa6 Qc1 30. Ra8 Qc6 31. Rb8 e5 32. Qc5 Qe6 33. Bxb5 Nd7 34. Rxe8+ Qxe8 35. Qd6 Qc8 36. Qxd7 Qc1+ 37. Kf2 Qc2+ 38. Be2 1-0

[Event "GER-ch Seniors-A 20th"]
[Site "Erfurt"]
[Date "2008.08.11"]
[Round "7"]
[White "Neumeister, Herbert D"]
[Black "Schmoll, Heinz"]
[Result "1-0"]
[WhiteElo "1865"]
[BlackElo "1964"]
[PlyCount "61"]
[EventDate "2008.08.05"]
[EventType "swiss"]
[EventRounds "9"]
[EventCountry "GER"]
[SourceTitle "CBM 126 Extra"]
[Source "ChessBase"]
[SourceDate "2008.11.05"]
[SourceVersion "1"]
[SourceVersionDate "2008.11.05"]
[SourceQuality "1"]

1. d4 Nf6 2. Nf3 g6 3. e3 Bg7 4. Bd3 d5 5. 0-0 0-0 6. Nbd2 b6 7. b3 c5 8. Bb2 Ba6 9. Qe2 Bxd3 10. cxd3 Nbd7 11. Rac1 Qb8 12. e4 Nh5 13. g3 Re8 14. Rfe1 Qb7 15. e5 e6 16. Qe3 f5 17. exf6 Bxf6 18. Ne5 Ng7 19. Ng4 Nf5 20. Nxf6+ Nxf6 21. Qg5 Nd7 22. dxc5 bxc5 23. h4 Qa6 24. h5 Kf7 25. Nf3 d4 26. g4 Qxd3 27. Qf4 gxh5 28. gxf5 Rg8+ 29. Ng5+ Rxg5+ 30. Qxg5 e5 31. Qxh5+ 1-0

[Event "GER-ch Seniors-A 20th"]
[Site "Erfurt"]
[Date "2008.08.10"]
[Round "6"]
[White "Schmoll, Heinz"]
[Black "Bade, Uwe"]
[Result "0-1"]
[WhiteElo "1964"]
[BlackElo "2118"]
[PlyCount "62"]
[EventDate "2008.08.05"]
[EventType "swiss"]
[EventRounds "9"]
[EventCountry "GER"]
[SourceTitle "CBM 126 Extra"]
[Source "ChessBase"]
[SourceDate "2008.11.05"]
[SourceVersion "1"]
[SourceVersionDate "2008.11.05"]
[SourceQuality "1"]

1. c4 Nf6 2. Nc3 e6 3. e4 d6 4. d4 Be7 5. f4 c5 6. Nf3 cxd4 7. Nxd4 Nc6 8. Nc2 0-0 9. Be2 b6 10. 0-0 Bb7 11. Bf3 Rc8 12. b3 Qc7 13. Kh1 Rfd8 14. Qe1 a6 15. Bb2 Na5 16. Rc1 Bc6 17. Nd4 Ba8 18. f5 e5 19. Nc2 Bc6 20. Nb4 Qb7 21. g4 b5 22. Nxc6 Nxc6 23. cxb5 axb5 24. g5 Ne8 25. Rg1 Nd4 26. Bd1 Nc7 27. f6 Bf8 28. fxg7 Bxg7 29. Qh4 b4 30. Na4 Nce6 31. Bg4 Qxe4+ 0-1

[Event "GER-ch Seniors-A 20th"]
[Site "Erfurt"]
[Date "2008.08.07"]
[Round "3"]
[White "Lueders, Guenter"]
[Black "Schmoll, Heinz"]
[Result "0-1"]
[WhiteElo "1619"]
[BlackElo "1964"]
[PlyCount "102"]
[EventDate "2008.08.05"]
[EventType "swiss"]
[EventRounds "9"]
[EventCountry "GER"]
[SourceTitle "CBM 126 Extra"]
[Source "ChessBase"]
[SourceDate "2008.11.05"]
[SourceVersion "1"]
[SourceVersionDate "2008.11.05"]
[SourceQuality "1"]

1. d4 Nf6 2. Nf3 g6 3. Bf4 Bg7 4. c3 0-0 5. h3 d5 6. e3 c5 7. Nbd2 b6 8. Be2 Bb7 9. 0-0 Nbd7 10. Rc1 Re8 11. Qc2 Rc8 12. Qb1 h6 13. Bh2 a6 14. Ne5 Nf8 15. Rfd1 N6d7 16. Nxd7 Nxd7 17. f4 b5 18. b4 c4 19. Nf3 Nf6 20. Nd2 Qb6 21. Bf3 Ra8 22. Qb2 Ra7 23. Ra1 Bc6 24. a3 e6 25. Nf1 Bf8 26. Bg3 Rea8 27. Ra2 a5 28. Rda1 Ra6 29. Be1 Qa7 30. g4 Nd7 31. Ng3 Nb6 32. Bd1 Be8 33. h4 axb4 34. cxb4 Na4 35. Bxa4 Rxa4 36. g5 f6 37. gxf6 Qf7 38. Qg2 Qxf6 39. h5 Kh7 40. hxg6+ Bxg6 41. Qf3 Bd6 42. Bc3 Rg8 43. Rg2 Bd3 44. Bb2 Qh4 45. Kf2 Ra7 46. Rh1 Qf6 47. Rgh2 Rg6 48. Rh4 Bxb4 49. f5 exf5 50. Qxd5 Bd6 51. Qxb5 Bxg3+ 0-1

[Event "GER-ch Seniors-A 20th"]
[Site "Erfurt"]
[Date "2008.08.06"]
[Round "2"]
[White "Schmoll, Heinz"]
[Black "Podolnyy, Jakiv"]
[Result "1/2-1/2"]
[WhiteElo "1964"]
[BlackElo "1841"]
[PlyCount "72"]
[EventDate "2008.08.05"]
[EventType "swiss"]
[EventRounds "9"]
[EventCountry "GER"]
[SourceTitle "CBM 126 Extra"]
[Source "ChessBase"]
[SourceDate "2008.11.05"]
[SourceVersion "1"]
[SourceVersionDate "2008.11.05"]
[SourceQuality "1"]

1. c4 e6 2. Nf3 Nf6 3. b3 d5 4. Ba3 Bxa3 5. Nxa3 c6 6. g3 Nbd7 7. Bg2 e5 8. 0-0 0-0 9. d3 Qe7 10. Nc2 Rd8 11. cxd5 cxd5 12. Ne3 Nb6 13. Qc2 Bd7 14. Qb2 Re8 15. Rfc1 d4 16. Nc4 Nxc4 17. Rxc4 Bc6 18. Rac1 Rad8 19. Rc5 Nd7 20. R5c2 h6 21. Nd2 Bxg2 22. Kxg2 Nf6 23. Rc7 Rd7 24. Rxd7 Qxd7 25. Qa3 b6 26. Qa6 Nd5 27. Nb1 Nb4 28. Qa3 a5 29. Qb2 Rc8 30. a3 Nd5 31. Rc2 Qb7 32. Kg1 Rxc2 33. Qxc2 Qc7 34. Qxc7 Nxc7 35. a4 Nd5 36. Nd2 f6 1/2-1/2

[Event "GER-ch Seniors-A 20th"]
[Site "Erfurt"]
[Date "2008.08.05"]
[Round "1"]
[White "Bogorad, Michail"]
[Black "Schmoll, Heinz"]
[Result "1-0"]
[WhiteElo "2077"]
[BlackElo "1964"]
[PlyCount "37"]
[EventDate "2008.08.05"]
[EventType "swiss"]
[EventRounds "9"]
[EventCountry "GER"]
[SourceTitle "CBM 126 Extra"]
[Source "ChessBase"]
[SourceDate "2008.11.05"]
[SourceVersion "1"]
[SourceVersionDate "2008.11.05"]
[SourceQuality "1"]

1. e4 e5 2. f4 exf4 3. Nf3 d6 4. Bc4 g5 5. 0-0 h6 6. d4 Bg7 7. c3 Nf6 8. e5 dxe5 9. Nxe5 Nd5 10. Nxf7 Kxf7 11. Bxf4 Ke7 12. Bxc7 Nxc7 13. Rf7+ Kd6 14. Rxg7 Qe8 15. Na3 Rf8 16. Qb3 Nc6 17. Nc2 b5 18. Qa3+ b4 19. cxb4 1-0